Figury szachowe - Statystyki

Ogólne statystyki
  • Ten quiz został rozwiązany 41 razy
  • Średni wynik to 6 z 6
Statystyki odpowiedzi
Figura % Poprawnych
Pion
100%
Hetman
100%
Skoczek
100%
Wieża
100%
Król
97%
Goniec
84%
Nie znaleziono quizów pasujących do podanych kryteriów
Rozkład punktacji
Procent ludzi z każdym wynikiem
Percentyl według liczby udzielonych odpowiedzi
Twoja historia wyników
Nie rozwiązałeś tego quizu